Perspectivas actuales de las fuentes del derecho

Bibliographic Details
Other Authors: Barranco Avilš, Mara̕ del Carmen (Conductor), Celador Angn̤, Óscar (Conductor), Vacas Fernǹdez, Fľix (Conductor)
Format: Book
Language:Spanish
Published: Madrid : Dykinson, D.L. 2011.
Subjects:
Online Access:Acceso restringido

MARC

LEADER 00000cam a2200000 i 4500
005 20111111135219.0
007 cr|||| ||||
008 110524s2011 sp 000 0 spa d
017 |a D.L.M 14647-2011 
020 |a 9788499821917 
035 |a 5922 
040 |a SpMaUCDE  |d BUS  |d vLex 
090 |c 2764  |d 2764 
245 0 0 |a Perspectivas actuales de las fuentes del derecho   |h [Recurso electrn̤ico] /  |c coordinadores, Mara̕ del Carmen Barranco Avilš, Óscar Celador Angn̤, Fľix Vacas Fernǹdez. 
256 |a Servicio en ln̕ea 
260 |a Madrid :  |b Dykinson,  |c D.L. 2011. 
300 |a 1 recurso electrn̤ico 
506 1 |a Contenido solo disponible en los productos indicados  |d vLex Global  |d vLex Global (Academic Edition, excluding Law Schools)  |d vLex Global (U.S. Academic Edition, Law Schools)  |d vLex Global (U.S. Academic Edition, excluding Law Schools)  |d vLex Global (Academic Edition, Law Schools) 
650 0 4 |a Derecho -  |x Fuentes. 
700 1 |a Barranco Avilš, Mara̕ del Carmen,  |e dir. 
700 1 |a Celador Angn̤, Óscar,  |e dir. 
700 1 |a Vacas Fernǹdez, Fľix,  |e dir. 
740 0 |a vLex Libros (Servicio en ln̕ea) 
856 4 0 |z Acceso restringido  |u http://vlex.com/source/perspectivas-actuales-fuentes-derecho-5922 
942 |c BOOK